Gestin̤ estratǧica organizacional

Bibliographic Details
Main Author: Prieto Herrera, Jorge Eličer
Format: eBook
Language:Spanish
Published: Bogot:̀ ECOE, 2012
Subjects:
Online Access:Acceso restringido

MARC

LEADER 00000nam a22000007a 4500
005 20220214210842.0
007 cr|||| ||||
008 220214s2012 co |||||s|||| 00||0 spa d
020 |a 9781449284190 
035 |a 35870 
040 |a vLex 
090 |c 12980  |d 12980 
100 1 |a Prieto Herrera, Jorge Eličer 
245 1 0 |a Gestin̤ estratǧica organizacional  |h [Recurso electrn̤ico] /  |c Jorge Eličer Prieto Herrera 
256 |a Servicio en ln̕ea 
260 |a Bogot:̀  |b ECOE,  |c 2012 
300 |a 1 recurso electrn̤ico 
506 1 |a Disponible solo en los productos indicados  |d vLex Global  |d vLex Global (Academic Edition, excluding Law Schools)  |d vLex Global (U.S. Academic Edition, Law Schools)  |d vLex Global (U.S. Academic Edition, excluding Law Schools)  |d vLex Global (Academic Edition, Law Schools) 
650 0 4 |a Derecho Mercantil y de la Empresa  |z Colombia 
740 0 |a vLex Libros (Servicio en ln̕ea) 
856 4 0 |u https://app.vlex.com/#/sources/35870  |z Acceso restringido 
942 |c BOOK 
999 0 |a Commercial and Company Law